[Event "XXV Festival A"]
[Site "Arco ITA"]
[Date "2003.10.22"]
[Round "5"]
[White "Proietti, Giorgio"]
[Black "Casagrande, Fabio"]
[Result "1/2-1/2"]
[WhiteElo "1891"]
[BlackElo "2042"]
[PlyCount "134"]
[EventDate "2003.10.18"]

1.d4 Nf6 2.c4 e6 3.Nf3 Bb4+ 4.Bd2 Qe7 5.a3 Bxd2+ 6.Qxd2 b6 7.g3 Bb7 8.Bg2 
a5 9.Nc3 O-O 10.O-O d6 11.Qc2 Nbd7 12.Nd2 Bxg2 13.Kxg2 e5 14.dxe5 Qxe5 15.
Nde4 Rfe8 16.Nxf6+ Nxf6 17.e3 Qc5 18.Qd3 Re5 19.Rac1 Rae8 20.Qe2 Qc6+ 21.
Kg1 Qd7 22.Qf3 h5 23.h4 Ng4 24.Nd5 Rf5 25.Qg2 Ne5 26.f4 Ng4 27.e4 Rxd5 28.
cxd5 Ne3 29.Qf3 Nxf1 30.Rxf1 Qb5 31.Rf2 Qc4 32.e5 Qd4 33.Kg2 dxe5 34.fxe5 
Re7 35.e6 f6 36.Qxh5 c6 37.Rf5 cxd5 38.Rxd5 Qe4+ 39.Kh2 Qc2+ 40.Kh3 Qc8 
41.Rd6 Qa8 42.Kh2 Qc8 43.Qd5 Qc2+ 44.Kh3 Qe2 45.Qf5 Re8 46.Rxb6 Qe1 47.Qd5
Qf1+ 48.Qg2 Qf5+ 49.Kh2 Rxe6 50.Rxe6 Qxe6 51.Qa8+ Kh7 52.Qxa5 Qe2+ 53.Kh3 
Qf1+ 54.Kg4 Qe2+ 55.Kf4 Qf2+ 56.Ke4 Qe2+ 57.Kd4 Qxb2+ 58.Qc3 Qb6+ 59.Kd3 
Qd6+ 60.Kc2 g6 61.Kb2 Qb6+ 62.Kc2 Qf2+ 63.Kb3 Qb6+ 64.Ka4 Qa6+ 65.Kb4 Qb6+
66.Kc4 Qc6+ 67.Kd4 Qd6+ 1/2-1/2

[Event "XXV Festival A"]
[Site "Arco ITA"]
[Date "2003.10.22"]
[Round "5"]
[White "Rahls, Peter"]
[Black "Rossi, Giampiero"]
[Result "1-0"]
[WhiteElo "2341"]
[BlackElo "2040"]
[PlyCount "127"]
[EventDate "2003.10.18"]

1.e4 c5 2.c3 d5 3.exd5 Qxd5 4.d4 e6 5.Nf3 Nc6 6.Be2 cxd4 7.cxd4 Nf6 8.O-O 
Be7 9.Nc3 Qd6 10.a3 O-O 11.Be3 Rd8 12.Qc1 Qb8 13.Rd1 Bd7 14.Bf4 Bd6 15.Bg5
Be7 16.Qe3 Be8 17.Ne5 Nd5 18.Nxd5 Bxg5 19.Qxg5 Rxd5 20.Nxc6 Bxc6 21.Qe3 
Qd8 22.Bf3 Rd6 23.Bxc6 Rxc6 24.Qe4 Rac8 25.h3 Qd5 26.Qxd5 exd5 27.Rd2 f6 
28.Kf1 Kf7 29.Ke2 Rc2 30.Kd3 Rxd2+ 31.Kxd2 Ke6 32.Re1+ Kd6 33.h4 Rc7 34.
Re8 Re7 35.Rg8 g6 36.f3 f5 37.h5 gxh5 38.Rg5 f4 39.Rxh5 Rg7 40.Rh2 b6 41.
Kc3 Rc7+ 42.Kd3 Rg7 43.b3 Rf7 44.Kc3 Rg7 45.Kb4 a6 46.a4 Kc6 47.a5 Kb7 48.
Rh6 bxa5+ 49.Kc5 Rxg2 50.Rxh7+ Kc8 51.Kxd5 Rf2 52.Ke4 Rb2 53.Rh5 Rxb3 54.
Rxa5 Kb7 55.Kxf4 Kb6 56.Ra1 a5 57.Ke4 Rb2 58.f4 Kb5 59.f5 Rf2 60.Ke5 a4 
61.f6 Kb4 62.d5 a3 63.d6 Re2+ 64.Kf5 1-0

[Event "XXV Festival A"]
[Site "Arco ITA"]
[Date "2003.10.22"]
[Round "5"]
[White "Rotstein, Arkadij"]
[Black "Isonzo, David"]
[Result "0-1"]
[WhiteElo "2533"]
[BlackElo "2349"]
[PlyCount "70"]
[EventDate "2003.10.18"]

1.Nf3 Nf6 2.c4 g6 3.Nc3 Bg7 4.e4 d6 5.d4 O-O 6.Be2 e5 7.O-O Nc6 8.d5 Ne7 
9.Ne1 Nd7 10.Be3 f5 11.f3 f4 12.Bf2 g5 13.Rc1 Rf6 14.c5 Nxc5 15.b4 Na6 16.
Nb5 Bd7 17.Nxa7 Rg6 18.a4 h5 19.h3 Bh6 20.Rc3 Kh8 21.Nb5 Ng8 22.Qc2 Nf6 
23.Nxc7 Nxc7 24.Rxc7 g4 25.fxg4 hxg4 26.hxg4 Bxa4 27.Qc4 Bb5 28.Qxb5 Qxc7 
29.Nf3 Rgg8 30.Qd3 Nxg4 31.Nh4 Nxf2 32.Rxf2 Qc1+ 33.Bf1 Qe3 34.Nf5 Rxg2+ 
35.Kxg2 Rg8+ 0-1

[Event "XXV Festival A"]
[Site "Arco ITA"]
[Date "2003.10.22"]
[Round "5"]
[White "Slobodjan, Roman"]
[Black "Medancic, Rikard"]
[Result "1-0"]
[WhiteElo "2513"]
[BlackElo "2275"]
[PlyCount "103"]
[EventDate "2003.10.18"]

1.e4 c5 2.Nf3 e6 3.c3 a6 4.d4 Qc7 5.Bd3 d6 6.O-O Nf6 7.e5 dxe5 8.dxe5 Nfd7
9.Re1 Nc6 10.Qe2 g6 11.Nbd2 Bg7 12.Nc4 O-O 13.a4 Nb6 14.Nxb6 Qxb6 15.Qe4 
h6 16.Be3 Rd8 17.b4 Qc7 18.Bxc5 Nxe5 19.Nxe5 Qxe5 20.Qxe5 Bxe5 21.Rxe5 
Rxd3 22.Re3 Rxe3 23.Bxe3 g5 24.Rd1 b5 25.Rd8+ Kg7 26.Bd4+ e5 27.Bxe5+ f6 
28.Bd4 bxa4 29.Rd6 a3 30.Rxf6 Kh7 31.Rf8 a2 32.c4 Rb8 33.Kf1 Rxb4 34.Rxc8 
Rb1+ 35.Ke2 a1=Q 36.Bxa1 Rxa1 37.c5 Ra2+ 38.Kd3 Rxf2 39.c6 Rf1 40.Kd4 Rf2 
41.Ra8 Rc2 42.Rxa6 Rxg2 43.Ra3 Rc2 44.Rc3 Rd2+ 45.Kc5 Rd8 46.c7 Rc8 47.Kd6
Kg6 48.Kd7 Rxc7+ 49.Kxc7 h5 50.Rc5 g4 51.Kd6 h4 52.Ke6 1-0

[Event "XXV Festival A"]
[Site "Arco ITA"]
[Date "2003.10.22"]
[Round "5"]
[White "Swinkels, Jos"]
[Black "Dalponte, Dino"]
[Result "1/2-1/2"]
[WhiteElo "1991"]
[BlackElo "2134"]
[PlyCount "60"]
[EventDate "2003.10.18"]

1.e4 e6 2.d4 d5 3.Nd2 Nf6 4.e5 Nfd7 5.c3 c5 6.f4 Nc6 7.Ndf3 b6 8.Bd3 cxd4 
9.cxd4 Nb4 10.Bb1 Ba6 11.a3 Nc6 12.Ne2 Rc8 13.f5 Bxe2 14.Kxe2 Be7 15.Re1 
Qc7 16.Kf1 Nd8 17.Kg1 exf5 18.Bxf5 Ne6 19.Be3 O-O 20.Rc1 Qb7 21.Qd2 Rxc1 
22.Rxc1 Rc8 23.Rf1 Ndf8 24.Ng5 Bxg5 25.Bxg5 Rc4 26.Be3 Qe7 27.Bd3 Rc7 28.
Rf3 Qe8 29.Rf1 Qa4 30.Qf2 Qe8 1/2-1/2

[Event "XXV Festival A"]
[Site "Arco ITA"]
[Date "2003.10.22"]
[Round "5"]
[White "Swinkels, Robin"]
[Black "Burg, Twan"]
[Result "1/2-1/2"]
[WhiteElo "2170"]
[BlackElo "2050"]
[PlyCount "82"]
[EventDate "2003.10.18"]

1.e4 c5 2.Ne2 d6 3.c4 Nc6 4.d4 cxd4 5.Nxd4 Nf6 6.Nc3 g6 7.Be2 Bg7 8.Be3 
Nd7 9.O-O O-O 10.Kh1 Nc5 11.Rc1 Ne6 12.Nb3 Nc7 13.f4 f5 14.Bf3 fxe4 15.
Bxe4 Be6 16.Qe2 Qe8 17.Nb5 Qd7 18.N5d4 Bg4 19.Qd2 e5 20.fxe5 Bxe5 21.Nf3 
Qe7 22.Nxe5 Qxe5 23.Bd3 Rae8 24.Bf4 Qe6 25.c5 Ne5 26.Bxe5 dxe5 27.Rxf8+ 
Rxf8 28.h3 Bf3 29.gxf3 Qxh3+ 30.Kg1 Qxf3 31.Bf1 Ne6 32.Bg2 Qg4 33.Qd5 Kg7 
34.Qxe5+ Kh6 35.Qh2+ Kg7 36.Qh3 Qe2 37.Qc3+ Kg8 38.Re1 Qf2+ 39.Kh1 Qh4+ 
40.Kg1 Qf2+ 41.Kh2 Qh4+ 1/2-1/2

[Event "XXV Festival A"]
[Site "Arco ITA"]
[Date "2003.10.22"]
[Round "5"]
[White "Trauth, Michael"]
[Black "Ortega, Lexy"]
[Result "0-1"]
[WhiteElo "2202"]
[BlackElo "2462"]
[PlyCount "140"]
[EventDate "2003.10.18"]

1.Nf3 c5 2.c4 Nc6 3.g3 e5 4.Nc3 g6 5.Bg2 Bg7 6.a3 d6 7.Rb1 a5 8.d3 Nge7 9.
Nd2 Be6 10.Nf1 d5 11.cxd5 Nxd5 12.Ne3 Nde7 13.O-O f5 14.Nc4 Rb8 15.Na4 b6 
16.Bg5 Qc7 17.Qd2 h6 18.Be3 Nd5 19.Rfc1 Nd4 20.Bxd4 exd4 21.b4 Nc3 22.Nxc3
dxc3 23.Rxc3 Bxc3 24.Qxc3 O-O 25.Ne5 Kh7 26.f4 Qd6 27.b5 Rbe8 28.e3 Bd5 
29.Bxd5 Qxd5 30.Qc4 Qxc4 31.Nxc4 Re6 32.Kf2 Rd8 33.Rd1 Kg7 34.Kf3 Kf6 35.
Rd2 Ke7 36.h3 g5 37.Ne5 Kf6 38.Nc4 Rd5 39.a4 Ke7 40.Kf2 gxf4 41.gxf4 Rd8 
42.Kf3 Rg8 43.Rg2 Rxg2 44.Kxg2 Rg6+ 45.Kf2 h5 46.Ne5 Rg8 47.Nc4 Rg6 48.Ne5
Rh6 49.Kf3 h4 50.Kf2 Rd6 51.Ke2 Re6 52.Kf2 Rd6 53.Ke2 Re6 54.Kf2 Kd6 55.
Nc4+ Kc7 56.Ne5 Kd6 57.Nc4+ Kc7 58.Ne5 Rd6 59.Ke2 Rh6 60.Kf2 Rh7 61.Nf3 
Kd6 62.Ng5 Rc7 63.Nf3 c4 64.dxc4 Rxc4 65.Nxh4 Ke6 66.Nf3 Rxa4 67.h4 Rb4 
68.h5 a4 69.h6 Kf6 70.Nh4 Rxb5 0-1

[Event "XXV Festival A"]
[Site "Arco ITA"]
[Date "2003.10.22"]
[Round "5"]
[White "Van Rijn, Wouter"]
[Black "Blagojevic, Dragisa"]
[Result "0-1"]
[WhiteElo "2252"]
[BlackElo "2521"]
[PlyCount "86"]
[EventDate "2003.10.18"]

1.d4 Nf6 2.Nf3 d5 3.Bf4 c5 4.dxc5 e6 5.e3 Bxc5 6.Nbd2 Nc6 7.Nb3 Be7 8.Ne5 
O-O 9.c3 Bd6 10.Nxc6 bxc6 11.Bxd6 Qxd6 12.Qd4 a5 13.Qc5 Qc7 14.Be2 a4 15.
Nd4 Bd7 16.O-O a3 17.b4 Ne4 18.Qe7 Rfe8 19.Qh4 e5 20.Nb3 Nxc3 21.Bh5 Qd6 
22.Rfc1 Na4 23.Na5 Reb8 24.Rab1 Nb2 25.Rc5 Nd3 26.Rc3 Rxb4 27.Rxb4 Qxb4 
28.Qxb4 Nxb4 29.Rxa3 c5 30.Bf3 Kf8 31.h4 Ra7 32.Nc4 Rxa3 33.Nxa3 e4 34.Bd1
Nxa2 35.f3 f5 36.fxe4 Nc3 37.Bb3 fxe4 38.Kf2 Ba4 39.Bxa4 Nxa4 40.Nb5 Ke7 
41.Nc7 Nc3 42.g4 Kd7 43.Na6 Na4 0-1

[Event "XXV Festival A"]
[Site "Arco ITA"]
[Date "2003.10.22"]
[Round "5"]
[White "Wagman, Stuart"]
[Black "Friedrich, Norbert"]
[Result "0-1"]
[WhiteElo "2150"]
[BlackElo "2252"]
[PlyCount "86"]
[EventDate "2003.10.18"]

1.e4 c5 2.Nf3 e6 3.d4 cxd4 4.Nxd4 a6 5.Nc3 Qc7 6.g3 Bb4 7.Ne2 Nf6 8.Bg2 
Be7 9.O-O Nc6 10.h3 d6 11.g4 h6 12.Be3 Ne5 13.b3 g5 14.Na4 Nfd7 15.c4 h5 
16.gxh5 Rxh5 17.Rc1 Nc5 18.Nb2 Rh4 19.Ng3 a5 20.Rc2 Bd7 21.Re1 Bc6 22.Bxc5
dxc5 23.Rd2 Rd8 24.Ree2 Ng6 25.Rxd8+ Bxd8 26.Nd3 Nf4 27.Nxf4 gxf4 28.Nf1 
f3 29.Bxf3 Rxh3 30.Bg2 Rh4 31.Re3 Bf6 32.Qe2 Be5 33.Rh3 Rxh3 34.Bxh3 Qd6 
35.Bg2 Bf4 36.Qh5 Qe5 37.Qe2 Ke7 38.Qd3 Qd4 39.Qf3 Qe5 40.Qe2 Kd6 41.Qd3+ 
Kc7 42.a4 Qg5 43.Qh3 Bxe4 0-1

[Event "XXV Festival A"]
[Site "Arco ITA"]
[Date "2003.10.22"]
[Round "5"]
[White "Wohl, Aleksandar H."]
[Black "Kort, Jacob"]
[Result "1-0"]
[WhiteElo "2379"]
[BlackElo "2224"]
[PlyCount "71"]
[EventDate "2003.10.18"]

1.c4 g6 2.g3 Bg7 3.Bg2 Nf6 4.Nc3 O-O 5.Nf3 c5 6.d4 cxd4 7.Qxd4 Nc6 8.Qh4 
d6 9.O-O Be6 10.Ng5 Bf5 11.Nd5 h6 12.Nf3 g5 13.Bxg5 hxg5 14.Nxg5 e6 15.Bh3
Bg6 16.Nf4 Ne5 17.Rad1 Nh7 18.Nxg6 Qxg5 19.Nxf8 Qxh4 20.gxh4 Bxf8 21.b3 
Ng6 22.h5 Nf4 23.Bg4 Nf6 24.Bf3 Rb8 25.Kh1 N4xh5 26.Rg1+ Kh7 27.Rd4 Ng7 
28.Rh4+ Kg8 29.Rg3 b6 30.e3 Rd8 31.e4 e5 32.Rh6 Be7 33.Bg2 Nd7 34.Bh3 Nc5 
35.Bf5 Re8 36.Rhh3 1-0

[Event "XXV Festival A"]
[Site "Arco ITA"]
[Date "2003.10.22"]
[Round "5"]
[White "Zucchelli, Massimo"]
[Black "Blasco, Domenico"]
[Result "1-0"]
[WhiteElo "2178"]
[BlackElo "2040"]
[PlyCount "59"]
[EventDate "2003.10.18"]

1.d4 Nf6 2.c4 c5 3.d5 b5 4.Nf3 bxc4 5.Nc3 g6 6.e4 d6 7.Bxc4 Bg7 8.O-O O-O 
9.h3 Ba6 10.Nd2 Bxc4 11.Nxc4 Nbd7 12.a4 a6 13.Re1 Qc7 14.a5 Rab8 15.Na4 
Rb4 16.Qc2 Rfb8 17.Bd2 R4b5 18.Bc3 Nh5 19.Nab6 Bxc3 20.bxc3 Nxb6 21.axb6 
Qb7 22.Ra2 Nf6 23.Rea1 Ra8 24.Qa4 Rb8 25.Qc2 Nd7 26.Rxa6 Nxb6 27.Ra7 Qc8 
28.Na3 Nc4 29.Nxb5 Rxb5 30.Qe2 1-0

[Event "XXV Festival A"]
[Site "Arco ITA"]
[Date "2003.10.23"]
[Round "6"]
[White "Agostini, Guillermo"]
[Black "De Napoli, Giuseppe"]
[Result "0-1"]
[WhiteElo "1822"]
[BlackElo "2159"]
[PlyCount "88"]
[EventDate "2003.10.18"]

1.d4 Nf6 2.Nf3 g6 3.c4 Bg7 4.Nc3 O-O 5.e4 d6 6.Be2 e5 7.d5 Na6 8.Bg5 h6 9.
Bh4 Qe8 10.Nd2 Nc5 11.f3 a5 12.b3 Nh5 13.a3 Nf4 14.Rg1 Bd7 15.Nf1 f5 16.b4
axb4 17.axb4 Ncd3+ 18.Bxd3 Nxd3+ 19.Ke2 Nxb4 20.Rxa8 Qxa8 21.Qb3 Na6 22.
Nd2 Nc5 23.Qb2 fxe4 24.Ncxe4 Nxe4 25.Nxe4 Qa6 26.Kd3 Ra8 27.Rb1 g5 28.Qxb7
Qxb7 29.Rxb7 gxh4 30.Rxc7 Bf5 31.g4 Ra3+ 32.Ke2 Bxe4 33.fxe4 Rh3 34.c5 
Rxh2+ 35.Ke3 dxc5 36.d6 Bf6 37.Rxc5 Kf7 38.Rd5 Ke8 39.d7+ Kd8 40.Kf3 Rh3+ 
41.Kg2 Rg3+ 42.Kh2 Rxg4 43.Rd6 Bg5 44.Rg6 Bf4+ 0-1

[Event "XXV Festival A"]
[Site "Arco ITA"]
[Date "2003.10.23"]
[Round "6"]
[White "Astengo, Marcello"]
[Black "Burg, Twan"]
[Result "1/2-1/2"]
[WhiteElo "2066"]
[BlackElo "2050"]
[PlyCount "85"]
[EventDate "2003.10.18"]

1.d4 Nf6 2.c4 e6 3.Nc3 Bb4 4.e3 b6 5.Ne2 Ba6 6.a3 Bxc3+ 7.Nxc3 d5 8.b3 O-O
9.Be2 dxc4 10.bxc4 Nc6 11.Bd2 e5 12.Bf3 exd4 13.Bxc6 dxc3 14.Bxc3 Qxd1+ 
15.Rxd1 Rad8 16.Bb5 Bxb5 17.cxb5 Rxd1+ 18.Kxd1 Ne4 19.Be1 Rd8+ 20.Ke2 a6 
21.f3 Nd6 22.bxa6 Ra8 23.Bg3 Rxa6 24.Rc1 Nb5 25.Bxc7 f6 26.Bd8 Kf7 27.a4 
Rxa4 28.Bxb6 Ra2+ 29.Kf1 Rb2 30.Ba5 Nd6 31.Bc3 Ra2 32.Bd4 Nf5 33.Bc5 Nh4 
34.Rc4 g5 35.Bd4 Rxg2 36.Rc7+ Kg6 37.Rc6 Rxh2 38.Rxf6+ Kh5 39.e4 g4 40.
fxg4+ Kxg4 41.Be5 Rc2 42.Rf4+ Kg5 43.Bd6 1/2-1/2

[Event "XXV Festival A"]
[Site "Arco ITA"]
[Date "2003.10.23"]
[Round "6"]
[White "Blagojevic, Dragisa"]
[Black "Grigore, George-Gabriel"]
[Result "1/2-1/2"]
[WhiteElo "2521"]
[BlackElo "2485"]
[PlyCount "87"]
[EventDate "2003.10.18"]

1.d4 Nf6 2.c4 g6 3.Nf3 Bg7 4.g3 O-O 5.Bg2 d6 6.O-O c6 7.Nc3 Qa5 8.e4 e5 9.
h3 exd4 10.Nxd4 Nbd7 11.Nde2 Nb6 12.b3 d5 13.Bd2 Qa3 14.cxd5 cxd5 15.exd5 
Rd8 16.Rc1 Bf5 17.Be3 Qa5 18.Qd2 Nbxd5 19.Nxd5 Qxd2 20.Bxd2 Nxd5 21.Nf4 
Bh6 22.Nxd5 Bxd2 23.Rcd1 Bh6 24.Ne7+ Kf8 25.Nxf5 gxf5 26.Bxb7 Rab8 27.Ba6 
Bd2 28.Bc4 Ke7 29.Kg2 Rb6 30.f4 Rbd6 31.Rf3 Kf6 32.g4 fxg4 33.hxg4 h6 34.
Rh1 Kg7 35.Rh5 Rf6 36.g5 hxg5 37.Rxg5+ Rg6 38.Rxg6+ Kxg6 39.Rg3+ Kf6 40.
Kf3 Rd4 41.Rg4 Bc1 42.Rh4 Kg7 43.Bb5 f5 44.Bc4 1/2-1/2

[Event "XXV Festival A"]
[Site "Arco ITA"]
[Date "2003.10.23"]
[Round "6"]
[White "Blasco, Domenico"]
[Black "Proietti, Giorgio"]
[Result "1/2-1/2"]
[WhiteElo "2040"]
[BlackElo "1891"]
[PlyCount "134"]
[EventDate "2003.10.18"]

1.d4 d5 2.e3 Nf6 3.Bd3 e6 4.Nd2 c5 5.c3 Nc6 6.f4 c4 7.Bc2 b5 8.Ngf3 Bb7 9.
Ne5 Nxe5 10.fxe5 Ne4 11.Nxe4 dxe4 12.Qg4 h5 13.Qf4 g6 14.O-O Qe7 15.Bd2 
Bh6 16.Qg3 Rf8 17.a4 a6 18.axb5 axb5 19.Rxa8+ Bxa8 20.Ra1 Bd5 21.b3 Qg5 
22.Qxg5 Bxg5 23.bxc4 bxc4 24.Ra7 Rg8 25.Rc7 Kf8 26.Rc8+ Kg7 27.Rxg8+ Kxg8 
28.Kf2 Kg7 29.Ke2 Kf8 30.Ba4 Be7 31.Bb5 Kg7 32.Be1 Kg8 33.Kf2 Bh4+ 34.g3 
Be7 35.Kg2 Kg7 36.Kh3 Bg5 37.Bf2 Be7 38.g4 hxg4+ 39.Kxg4 Ba3 40.h4 Bc1 41.
Kf4 Bd2 42.Ba4 Bxc3 43.Bc2 f5 44.exf6+ Kxf6 45.Bxe4 e5+ 46.Kf3 Bxe4+ 47.
Kxe4 exd4 48.exd4 Ke6 49.Bg3 Bb4 50.d5+ Kd7 51.Kd4 c3 52.Kd3 Ba5 53.Kc2 
Bb4 54.Kb1 Bd6 55.Bf2 Be5 56.Bc5 Bf6 57.Kc2 Bxh4 58.Kxc3 Bg3 59.Kd3 Bd6 
60.Be3 Be5 61.Ke4 Bf6 62.Bf4 Be7 63.Be5 Bg5 64.Bg7 Bh4 65.Bf8 Bg3 66.Kf3 
Bd6 67.Bg7 Be7 1/2-1/2

[Event "XXV Festival A"]
[Site "Arco ITA"]
[Date "2003.10.23"]
[Round "6"]
[White "Borin, Fabio"]
[Black "Rotstein, Arkadij"]
[Result "0-1"]
[WhiteElo "2189"]
[BlackElo "2533"]
[PlyCount "82"]
[EventDate "2003.10.18"]

1.e4 c5 2.Nf3 e6 3.d4 cxd4 4.Nxd4 a6 5.Bd3 Nf6 6.O-O d6 7.c4 Nbd7 8.Nc3 
Be7 9.b3 O-O 10.Bb2 Qc7 11.Rc1 b6 12.Re1 Bb7 13.Re3 Rfe8 14.Bb1 Rac8 15.
Rg3 Bf8 16.Ba3 g6 17.Rh3 Qb8 18.g4 d5 19.Bxf8 Nxf8 20.g5 Nxe4 21.Bxe4 dxe4
22.Qg4 Qe5 23.Nde2 Rc5 24.Rg3 Rd8 25.Rd1 Rxd1+ 26.Nxd1 Qa1 27.Nc3 b5 28.
Re3 Nd7 29.Nxe4 Bxe4 30.Rxe4 h5 31.Qe2 Rxg5+ 32.Kh1 bxc4 33.bxc4 Nf6 34.
Re3 Ng4 35.Rf3 Ne5 36.Rf4 Qc1 37.Rd4 Rf5 38.h3 Kh7 39.f4 Nc6 40.Rd7 Qxf4 
41.Qxe6 Ne5 0-1

[Event "XXV Festival A"]
[Site "Arco ITA"]
[Date "2003.10.23"]
[Round "6"]
[White "Bossoni, Mario"]
[Black "Lovati, Paolo"]
[Result "1-0"]
[WhiteElo "1966"]
[BlackElo "2089"]
[PlyCount "45"]
[EventDate "2003.10.18"]

1.e4 d6 2.d4 Nf6 3.Nc3 c6 4.Nf3 Bg4 5.Be2 e6 6.a4 Be7 7.h3 Bh5 8.Bf4 a5 9.
O-O d5 10.exd5 exd5 11.Re1 O-O 12.Ne5 Bxe2 13.Qxe2 Bb4 14.Bg5 h6 15.Bh4 g5
16.Bg3 Ne4 17.Nxe4 Bxe1 18.Qh5 dxe4 19.Ng4 Bxf2+ 20.Bxf2 Qc8 21.Nxh6+ Kg7 
22.Qxg5+ Kh7 23.Nf5 1-0

[Event "XXV Festival A"]
[Site "Arco ITA"]
[Date "2003.10.23"]
[Round "6"]
[White "Casagrande, Fabio"]
[Black "Papale, Carmelo"]
[Result "0-1"]
[WhiteElo "2042"]
[BlackElo "1740"]
[PlyCount "64"]
[EventDate "2003.10.18"]

1.e4 c5 2.c3 e6 3.d4 b6 4.Bd3 Bb7 5.Be3 Nf6 6.f3 Nc6 7.a3 Be7 8.Nh3 d5 9.
e5 Nd7 10.O-O c4 11.Bc2 b5 12.f4 g6 13.g4 h5 14.f5 gxf5 15.gxf5 Rg8+ 16.
Kf2 Bh4+ 17.Ke2 Rg2+ 18.Nf2 Ncxe5 19.fxe6 fxe6 20.dxe5 Nxe5 21.Rg1 Qf6 22.
Rxg2 Qf3+ 23.Kf1 Qxe3 24.Qxh5+ Kd7 25.Qxh4 Rf8 26.Qd4 Qc1+ 27.Qd1 Qf4 28.
Nd2 d4 29.Be4 Bxe4 30.Nxe4 d3 31.Kg1 Kc6 32.Qd2 Nf3+ 0-1

[Event "XXV Festival A"]
[Site "Arco ITA"]
[Date "2003.10.23"]
[Round "6"]
[White "Cebalo, Miso"]
[Black "Drasko, Milan"]
[Result "1-0"]
[WhiteElo "2486"]
[BlackElo "2470"]
[PlyCount "75"]
[EventDate "2003.10.18"]

1.Nf3 Nf6 2.d4 e6 3.c4 Bb4+ 4.Nbd2 d6 5.g3 Nc6 6.a3 Bxd2+ 7.Bxd2 e5 8.d5 
Ne7 9.Bg2 a5 10.O-O a4 11.Ne1 O-O 12.Nd3 h6 13.e4 c6 14.b4 cxd5 15.cxd5 
Bd7 16.Re1 Bb5 17.Bf1 Qb6 18.Be3 Qa6 19.f3 Rfc8 20.Qd2 Nd7 21.Rac1 f5 22.
Nf2 Rxc1 23.Rxc1 Bxf1 24.Rxf1 Rc8 25.Rc1 Rxc1+ 26.Qxc1 Qe2 27.Qc7 fxe4 28.
fxe4 Nf6 29.Bb6 Nxe4 30.Qxe7 Nd2 31.Qe6+ Kh8 32.Qc8+ Kh7 33.Qc2+ e4 34.Qd1
Nf3+ 35.Kh1 Qa2 36.Qxa4 Qxd5 37.Qc2 Ng5 38.Be3 1-0

[Event "XXV Festival A"]
[Site "Arco ITA"]
[Date "2003.10.23"]
[Round "6"]
[White "Cetkovic, Sergio"]
[Black "Happel, Hendrik A."]
[Result "1/2-1/2"]
[WhiteElo "2106"]
[BlackElo "2237"]
[PlyCount "41"]
[EventDate "2003.10.18"]

1.e4 e6 2.d4 d5 3.e5 Ne7 4.Bd3 b6 5.c3 Qd7 6.Ne2 Ba6 7.Bc2 c5 8.O-O Nbc6 
9.a3 cxd4 10.f4 dxc3 11.Nbxc3 Nf5 12.b4 Bc4 13.g4 Nh4 14.Qe1 d4 15.Qxh4 
dxc3 16.Rd1 Qc7 17.Nxc3 Be7 18.Qg3 O-O 19.Qh3 g6 20.g5 Rfd8 21.Be3 1/2-1/2

[Event "XXV Festival A"]
[Site "Arco ITA"]
[Date "2003.10.23"]
[Round "6"]
[White "Dalponte, Dino"]
[Black "Giuriato, Sergio"]
[Result "1/2-1/2"]
[WhiteElo "2134"]
[BlackElo "2029"]
[PlyCount "70"]
[EventDate "2003.10.18"]

1.d4 Nf6 2.Nf3 e6 3.Bg5 c5 4.e3 Be7 5.c3 b6 6.Bd3 Bb7 7.Qe2 d5 8.Nbd2 Nc6 
9.O-O Qc7 10.Bf4 Bd6 11.Bxd6 Qxd6 12.Bb5 O-O 13.Bxc6 Bxc6 14.Ne5 Bb7 15.f4
Nd7 16.Nxd7 Qxd7 17.Rf3 f6 18.Rh3 Rae8 19.Nf3 Bc6 20.Qe1 Bb5 21.Rd1 Qe7 
22.g4 a5 23.Rd2 Bd7 24.Qh4 g6 25.Rg3 Rf7 26.g5 f5 27.Ne5 Rg7 28.Kf2 Rc8 
29.Qh3 c4 30.Qf1 Be8 31.Qe2 b5 32.a3 b4 33.axb4 axb4 34.Rg1 Ra8 35.Rdd1 
Qd6 1/2-1/2

[Event "XXV Festival A"]
[Site "Arco ITA"]
[Date "2003.10.23"]
[Round "6"]
[White "Del Nevo, Claudio"]
[Black "Swinkels, Jos"]
[Result "1-0"]
[WhiteElo "1743"]
[BlackElo "1991"]
[PlyCount "51"]
[EventDate "2003.10.18"]

1.d4 Nf6 2.Bg5 d5 3.Bxf6 gxf6 4.e3 Bg7 5.Nf3 Bg4 6.Be2 Nd7 7.h3 Bh5 8.Nbd2
O-O 9.g4 Bg6 10.h4 Re8 11.h5 Be4 12.Nxe4 dxe4 13.Nd2 e5 14.h6 Bh8 15.c3 
exd4 16.cxd4 c5 17.d5 Nb6 18.Rh5 Nxd5 19.Nxe4 Re5 20.Bc4 Nb4 21.Rxe5 fxe5 
22.Qf3 Nc2+ 23.Kf1 Qe7 24.Rd1 Rf8 25.Qf5 b5 26.Rd7 1-0

[Event "XXV Festival A"]
[Site "Arco ITA"]
[Date "2003.10.23"]
[Round "6"]
[White "Di Lazzaro, Gabriele"]
[Black "Visser, Eddy"]
[Result "0-1"]
[WhiteElo "2013"]
[BlackElo "2111"]
[PlyCount "70"]
[EventDate "2003.10.18"]

1.e4 e6 2.d4 d5 3.Nd2 Nf6 4.e5 Ne4 5.Bd3 Nxd2 6.Qxd2 c5 7.c3 Nc6 8.Nf3 
cxd4 9.O-O dxc3 10.bxc3 Be7 11.Rb1 O-O 12.Bc2 f5 13.exf6 Bxf6 14.Qd3 g6 
15.Bh6 Bg7 16.Bxg7 Kxg7 17.h4 Qf6 18.Rfe1 b6 19.Qe3 Bd7 20.h5 Rae8 21.hxg6
hxg6 22.Rbd1 Re7 23.Re2 Qf4 24.Qd3 Rf6 25.Qa6 Qg4 26.Nd4 e5 27.f3 Qf4 28.
Nxc6 Bxc6 29.Qc8 Qc4 30.Rxe5 Qc5+ 31.Rd4 Rxe5 32.Qc7+ Qe7 33.Qb8 Re1+ 34.
Kf2 Qe3+ 35.Kg3 Qe5+ 0-1

[Event "XXV Festival A"]
[Site "Arco ITA"]
[Date "2003.10.23"]
[Round "6"]
[White "Femiano, Andrea"]
[Black "Miatello, Alberto"]
[Result "1-0"]
[WhiteElo "2146"]
[BlackElo "2046"]
[PlyCount "90"]
[EventDate "2003.10.18"]

1.e4 c5 2.Nf3 e6 3.d4 cxd4 4.Nxd4 Nc6 5.Nc3 a6 6.a3 Qc7 7.Be2 Nf6 8.Be3 
Be7 9.Nxc6 bxc6 10.f4 d5 11.e5 Nd7 12.O-O c5 13.Bf2 O-O 14.Kh1 Rb8 15.b3 
Bb7 16.Bf3 f5 17.Na4 Bc6 18.Nb2 c4 19.b4 a5 20.c3 axb4 21.axb4 Ra8 22.Qd2 
Qb7 23.Bd4 Ra6 24.Rxa6 Qxa6 25.g4 g6 26.gxf5 exf5 27.Qg2 Qb5 28.Ra1 Ra8 
29.Rxa8+ Bxa8 30.Nd1 Kf7 31.Ne3 Nb6 32.Bxb6 Qxb6 33.Bxd5+ Kf8 34.Nxc4 Qa6 
35.Ne3 Qa1+ 36.Qg1 Qxc3 37.Bxa8 Qxb4 38.Ng2 Qa4 39.Bd5 Qb5 40.Qd1 h5 41.
Ne3 Qc5 42.Qa1 Qc8 43.Qa7 g5 44.Nc4 gxf4 45.Qg1 Ke8 1-0

[Event "XXV Festival A"]
[Site "Arco ITA"]
[Date "2003.10.23"]
[Round "6"]
[White "Friedrich, Norbert"]
[Black "Wohl, Aleksandar H."]
[Result "1/2-1/2"]
[WhiteElo "2252"]
[BlackElo "2379"]
[PlyCount "73"]
[EventDate "2003.10.18"]

1.e4 g6 2.d4 Bg7 3.Nf3 d6 4.Be2 a6 5.O-O Nd7 6.c4 e5 7.Nc3 Ne7 8.Be3 O-O 
9.dxe5 dxe5 10.c5 Nc6 11.Bc4 Nf6 12.h3 Nh5 13.Qxd8 Rxd8 14.Nd5 Be6 15.Rfd1
h6 16.Rd2 Kf8 17.Rc1 Rac8 18.g4 Nf4 19.Nxf4 exf4 20.Bxf4 Bxc4 21.Rxc4 Rxd2
22.Bxd2 Rd8 23.Bc3 Rd3 24.Bxg7+ Kxg7 25.Rc3 Rxc3 26.bxc3 Kf6 27.Kf1 Nd8 
28.Nd4 Ke5 29.f3 Kf4 30.Kf2 Ne6 31.Nxe6+ fxe6 32.h4 g5 33.h5 a5 34.a4 e5 
35.Ke2 Kg3 36.Ke3 Kg2 37.Ke2 1/2-1/2

[Event "XXV Festival A"]
[Site "Arco ITA"]
[Date "2003.10.23"]
[Round "6"]
[White "Isonzo, David"]
[Black "Levin, Felix"]
[Result "1/2-1/2"]
[WhiteElo "2349"]
[BlackElo "2481"]
[PlyCount "41"]
[EventDate "2003.10.18"]

1.e4 e5 2.Nf3 Nc6 3.Bb5 a6 4.Bxc6 dxc6 5.O-O Qd6 6.Na3 Qe6 7.d4 exd4 8.
Nxd4 Qg4 9.f3 Qh4 10.Nc4 Bc5 11.Be3 Ne7 12.Qe1 Qxe1 13.Rfxe1 Bxd4 14.Bxd4 
Be6 15.Ne3 f6 16.a3 O-O-O 17.Rad1 b6 18.b4 Rhf8 19.Bb2 Rxd1 20.Rxd1 g6 21.
Re1 1/2-1/2

[Event "XXV Festival A"]
[Site "Arco ITA"]
[Date "2003.10.23"]
[Round "6"]
[White "Ivanov, Mikhail M."]
[Black "De Santis, Alessio"]
[Result "1-0"]
[WhiteElo "2425"]
[BlackElo "2272"]
[PlyCount "99"]
[EventDate "2003.10.18"]

1.d4 f5 2.g3 Nf6 3.Bg2 g6 4.c3 Bg7 5.Qb3 c6 6.Nd2 d5 7.Ndf3 Qb6 8.Nh3 Be6 
9.Nf4 Bf7 10.Ng5 Nbd7 11.Qc2 h6 12.Nge6 Bxe6 13.Nxe6 Kf7 14.Nxg7 Kxg7 15.
O-O Rae8 16.b3 h5 17.h4 a6 18.Bf4 Rhf8 19.Qd2 Rf7 20.c4 e6 21.c5 Qd8 22.
Qb2 Kh7 23.b4 Qc8 24.a4 Ng4 25.Bd6 e5 26.e3 exd4 27.exd4 Ndf6 28.b5 axb5 
29.axb5 Ne4 30.Bf4 Nef6 31.Ra7 Rd7 32.Qc1 Ng8 33.Bf3 N4h6 34.Qa3 Nf7 35.
Rb1 Nf6 36.Qd3 Kg7 37.Raa1 Rde7 38.bxc6 bxc6 39.Rb8 Re1+ 40.Rxe1 Rxe1+ 41.
Kg2 Qe6 42.Qa6 Ng4 43.Bd2 f4 44.Bxe1 Qxe1 45.Qe2 Qc3 46.Bxg4 hxg4 47.Qxg4 
Qxd4 48.Qxf4 Qxc5 49.Rb7 Qf8 50.Qe5+ 1-0

[Event "XXV Festival A"]
[Site "Arco ITA"]
[Date "2003.10.23"]
[Round "6"]
[White "Korneev, Oleg"]
[Black "Slobodjan, Roman"]
[Result "1/2-1/2"]
[WhiteElo "2559"]
[BlackElo "2513"]
[PlyCount "90"]
[EventDate "2003.10.18"]

1.e4 e6 2.d4 d5 3.Nc3 dxe4 4.Nxe4 Nd7 5.Nf3 Ngf6 6.Nxf6+ Nxf6 7.c3 c5 8.
Ne5 a6 9.Be3 Qc7 10.Qa4+ Bd7 11.Nxd7 Qxd7 12.Qxd7+ Nxd7 13.O-O-O cxd4 14.
Bxd4 O-O-O 15.f4 Nb8 16.Be2 Nc6 17.Bb6 Rxd1+ 18.Rxd1 Be7 19.Bf3 Bd8 20.Be3
Bc7 21.Kc2 g6 22.b4 e5 23.Bxc6 bxc6 24.fxe5 Bxe5 25.Bd4 Bxd4 26.Rxd4 Re8 
27.Rd6 Re2+ 28.Kb3 Kc7 29.Rf6 Rxg2 30.Rxf7+ Kb6 31.Rxh7 a5 32.a4 Rf2 33.
Rh8 axb4 34.cxb4 Rf3+ 35.Kc4 Rf1 36.h3 Rf3 37.h4 Rf4+ 38.Kc3 Rf3+ 39.Kd4 
Rf4+ 40.Kc3 Rf3+ 41.Kc2 Rf2+ 42.Kd3 Rf3+ 43.Kd2 Ra3 44.a5+ Kb5 45.Rb8+ Kc4
1/2-1/2